QCM - Mathématiques (6ème ➔ Terminale) - Statistiques

Statistiques générales
  • Ce quiz a été pris 326 fois
    270 depuis la dernière actualisation
  • Le résultat moyen est 10 sur 14
Statistiques - réponses
Question Réponse % Correct
Calculez : 8 ÷ 2 + 3 × 4. 16
95%
Que représente le chiffre 8 dans le nombre 648,72 ? Le chiffre des unités
95%
Quelle est la solution de l'équation : 2x + 3 = 7 ? 2
87%
Pour préparer une mousse au chocolat pour 6 personnes, il faut 180 g de chocolat. Quelle quantité de chocolat faudrait-il pour 9 personnes ? 270 g
87%
Quel est le périmètre d'un carré de 5 cm de côté ? 20 cm
84%
Dans un triangle ABC rectangle en A, on a : AB = 3 cm et AC = 4 cm. Quelle est la longueur de BC ? 5 cm
76%
Quel résultat obtient-on en appliquant ce programme au chiffre " - 5 " ? 36
74%
Quelle est la dérivée de la fonction : f (x) = x² + 3x + 2 ? f' (x) = 2x + 3
68%
Quelle formule permet de calculer le volume d'un cylindre ? V = π × r² × h
61%
Soit la suite arithmétique (un) de premier terme u0 = - 3 et de raison r = 4. Calculez u10. 37
57%
Les points A (1 ; 1), B (3 ; 4) et C (5 ; 7) sont-ils alignés ? Oui, les trois points sont alignés
45%
Quel est le conjugué de : z = a + bi ? z̄ = a - bi
44%
On tire une carte au hasard dans un jeu de 32 cartes. On considère les évènements suivants : A = "La carte est une figure" et B = "La carte est rouge". Quelle est la probabilité de l'évènement A ∪ B ? 22 32 (= 11 16 )
43%
On donne ci-dessous la courbe représentative Cf d'une fonction f. La représentation graphique de sa fonction dérivée est :
41%
Aucun quiz correspondant
Distribution des résultats
% des personnes avec chaque résultat
Percentile par nombre de réponses
Votre historique - résultats
Vous n’avez pas pris ce quiz depuis la dernière actualisation